| 000 | 00348nam a22001217a 4500 | ||
|---|---|---|---|
| 008 | 180512b xxu||||| |||| 00| 0 eng d | ||
| 041 | _aeng | ||
| 080 | _a043.3 | ||
| 100 | _a0 | ||
| 101 | _aSHKI-BA | ||
| 245 |
_aAnalyzing and Implementing Network Infrastructure and Services for an International Insurance Company _cHajrullahu,F |
||
| 942 |
_2udc _cBK |
||
| 999 |
_c45728 _d45728 |
||